zpět

Detail výsledku týmu

Šalanda Assen, Ostrava

Datum a čas kvízu

26.5 Celkem bodů Celkový počet nahraných bodů na tomto kvízu bez doplňovacích otázek.
4. Pořadí na kvízu Konečné umístění týmu na tomto kvízu.

Zaznamenané odpovědi

# Otázka Odpověď Body Výsledky
1. Minulý týden překročila hranic... Dan Přibáň, Mongolsko 1
2. Na českém internetu se objevil... vrtulník 0
3. Ve zprávách se minulý týden ob... Čečensko 0
4. Andrej Babiš se na sociálních... Věra Jourová 1
5. MMA zápasník Jiří Procházka si... Las Vegas, Aleksandar Rakić 0.5
6. V pěti otázkách tohoto tématu... halit 1
7. Jaká je denní dávka kuchyňské... B 1
8. Kala namak je zvláštním druhem... A) černá 0
9. Nejen lidé, ale i zvířata potř... liz 0
10. Chcete-li si užít blahodárného... D) Bad Ischl 0